La nueva economía colombiana / (Registro nro. 27932)
[ vista simple ]
| 000 -LEADER | |
|---|---|
| fixed length control field | 01348nam a2200289Ia 4500 |
| 003 - CONTROL NUMBER IDENTIFIER | |
| control field | CO-CtgCURN |
| 005 - DATE AND TIME OF LATEST TRANSACTION | |
| control field | 20250407181935.0 |
| 008 - FIXED-LENGTH DATA ELEMENTS--GENERAL INFORMATION | |
| fixed length control field | 190722s2012 xx g 000 0 spa d |
| 020 ## - INTERNATIONAL STANDARD BOOK NUMBER | |
| International Standard Book Number | 9789588745350 |
| 040 ## - CATALOGING SOURCE | |
| Original cataloging agency | CO-CtgCURN |
| Language of cataloging | spa |
| Transcribing agency | coctgcurn |
| Description conventions | rda |
| 082 ## - DEWEY DECIMAL CLASSIFICATION NUMBER | |
| Classification number | 330.986 |
| Item number | A696n |
| 100 ## - MAIN ENTRY--PERSONAL NAME | |
| Personal name | Arias, Andrés Felipe |
| 9 (RLIN) | 1958 |
| Relator term | autor |
| 245 #0 - TITLE STATEMENT | |
| Title | La nueva economía colombiana / |
| Statement of responsibility, etc. | Andrés Felipe Arias |
| 260 ## - PUBLICATION, DISTRIBUTION, ETC. | |
| Place of publication, distribution, etc. | Colombia : |
| Name of publisher, distributor, etc. | Universidad Sergio Arboleda, |
| Date of publication, distribution, etc. | 2012 |
| 300 ## - PHYSICAL DESCRIPTION | |
| Extent | 411 páginas ; |
| Dimensions | 25 centímetros. |
| 336 ## - CONTENT TYPE | |
| Source | rdacontent |
| 337 ## - MEDIA TYPE | |
| Source | rdamedia |
| 338 ## - CARRIER TYPE | |
| Source | rdacarrier |
| 504 ## - BIBLIOGRAPHY, ETC. NOTE | |
| Bibliography, etc. note | Incluye referencias bibliográficas (p. 409-410) |
| 505 ## - FORMATTED CONTENTS NOTE | |
| Formatted contents note | Cap.1. La economía agregada -- Cap.2. El mercado -- Cap.3. Empleo y salario -- Cap.4. Estructura fiscal 1. el estado y su sostenibilidad -- Cap.5. Estructura fiscal 2. sostenibilidad fiscal futura -- Cap.6. Estructura monetaria -- Cap.7. Sector externo 1. comercio internacional -- Cap.8. Sector externo 2. Tasa de cambio -- Cap.9. Sector externo 3. Balanza de pagos. |
| 521 ## - TARGET AUDIENCE NOTE | |
| Target audience note | AREA SOCIOHUMANISTICA |
| 590 ## - LOCAL NOTE (RLIN) | |
| Local note | Programa de Derecho_18 |
| 650 ## - SUBJECT ADDED ENTRY--TOPICAL TERM | |
| Topical term or geographic name entry element | Economia colombiana |
| 9 (RLIN) | 1959 |
| 942 ## - ADDED ENTRY ELEMENTS (KOHA) | |
| Koha item type | Libros |
| Classification part | 330.986 |
| Item part | A696n |
| Source of classification or shelving scheme | Dewey Decimal Classification |
| Suppress in OPAC | No |
| Withdrawn status | Lost status | Source of classification or shelving scheme | Damaged status | Not for loan | Collection | Home library | Current library | Shelving location | Date acquired | Inventory number | Total checkouts | Full call number | Barcode | Date last seen | Copy number | Price effective from | Koha item type | Source of acquisition | Public note |
|---|---|---|---|---|---|---|---|---|---|---|---|---|---|---|---|---|---|---|---|
| Dewey Decimal Classification | General | Miguel Henríquez Castañeda Barranquilla | Miguel Henríquez Castañeda Barranquilla | General | 05/23/2018 | 03662 | 330.986 A696n | 03662 | 07/22/2019 | ej.1 | 07/22/2019 | Libros | |||||||
| Dewey Decimal Classification | General | Miguel Henríquez Castañeda Barranquilla | Miguel Henríquez Castañeda Barranquilla | General | 07/15/2023 | 03959 | 330.986 A696n | 03959 | 07/15/2023 | ej.2 | 07/15/2023 | Libros | Compra OC-01-024-15 | Compra OC-01-024-15 IP 2015 |